|
|
|
|
| LEADER |
00000naa2a2200000 4500 |
| 001 |
202180 |
| 005 |
20240724120430.0 |
| 035 |
|
|
|a (RuTPU)RU\TPU\book\220332
|
| 035 |
|
|
|a RU\TPU\book\218904
|
| 090 |
|
|
|a 202180
|
| 100 |
|
|
|a 20111007d1998 k y0rusy50 ca
|
| 101 |
0 |
|
|a rus
|
| 102 |
|
|
|a RU
|
| 200 |
1 |
|
|a Проблема качества подготовки специалистов в условиях новой образовательной стратегии
|f Н. П. Кириллов, Ю. С. Плотников
|
| 320 |
|
|
|a Библиогр.: 5 назв.
|
| 463 |
|
0 |
|0 (RuTPU)RU\TPU\book\24416
|y 5-89503-042-4
|t Качество - стратегия XXI века
|o материалы Международной научно-практической конференции, Томск, 1998
|v С. 81-84
|d 1998
|p 199 с.
|
| 610 |
1 |
|
|a труды учёных ТПУ
|
| 700 |
|
1 |
|a Кириллов
|b Н. П.
|c российский философ
|c доктор философских наук, профессор Томского политехнического университета
|c член-корреспондент Сибирского отделения Академии наук высшей школы
|c академик Академии проблем качества РФ
|f 1939-
|g Николай Петрович
|3 (RuTPU)RU\TPU\pers\21962
|9 9281
|
| 701 |
|
1 |
|a Плотников
|b Ю. С.
|c философ
|c доцент Томского политехнического университета, кандидат философских наук
|f 1937-
|g Юрий Семёнович
|3 (RuTPU)RU\TPU\pers\24733
|4 070
|
| 801 |
|
1 |
|a RU
|b 63413507
|c 20110914
|
| 801 |
|
2 |
|a RU
|b 63413507
|c 20111128
|g RCR
|
| 942 |
|
|
|c BK
|